000 00841nas a2200265 454500
001 31229
005 20260407193508.0
008 260407s1997####ag###########|||spa#d
003 AR-UNSa-BCEJYS
040 _aAR-UNSa-BCEJYS
_bspa
_cAR-UNSa-BCEJYS
080 _a658.011.56
_xAutomatización
245 1 0 _aInformation technology
_ptecnología para ejecutivos
022 _a0328-6398
264 1 _aBuenos Aires :
_bMind Opener
_c1997
310 _aFrecuencia: Mensual
041 _aspa
942 _cSER
590 _aniveau_biblio:s niveau_hierar:1
100 1 _aGriffa, Mario Gabriel
650 _aGestión
650 _aInformática
650 _aADMINISTRACION DE EMPRESAS
650 _aTecnología de la información
856 4 1 _uhttps://biblioeco.unsa.edu.ar/pmb/images/revistas/Technology-r15124.jpg
_yImagen de portada
_qimage/jpeg
999 _c8704
_d8704